ბათუმის შოთა რუსთაველის სახელმწიფო უნივერსიტეტის ბიბლიოთეკა

გეგმილური ხაზვა. (ბიბ.ჩანაწერი № 35309)

000 -LEADER
fixed length control field 00721nam a2200205Ia 4500
001 - CONTROL NUMBER
control field 1160
003 - CONTROL NUMBER IDENTIFIER
control field GE_BSU
008 - FIXED-LENGTH DATA ELEMENTS--GENERAL INFORMATION
fixed length control field 181216s||||||||xx |||||||||||||| ||und||
040 ## - CATALOGING SOURCE
Transcribing agency GE_BSU
080 ## - UNIVERSAL DECIMAL CLASSIFICATION NUMBER
Universal Decimal Classification number 744
245 ## - TITLE STATEMENT
Title გეგმილური ხაზვა.
245 ## - TITLE STATEMENT
Remainder of title კურსის საცნობარო მასალა და სკონტროლო დავალებები მეთოდური მითითებებით.
260 ## - PUBLICATION, DISTRIBUTION, ETC.
Place of publication, distribution, etc. თბილისი
260 ## - PUBLICATION, DISTRIBUTION, ETC.
Name of publisher, distributor, etc. საქ.სას–სამ. ინ–ტი
260 ## - PUBLICATION, DISTRIBUTION, ETC.
Date of publication, distribution, etc. 1978
300 ## - PHYSICAL DESCRIPTION
Extent 92 გვ. 19 სმ.
653 ## - INDEX TERM--UNCONTROLLED
Uncontrolled term გეგმილური ხაზვა
942 ## - ADDED ENTRY ELEMENTS (KOHA)
Koha item type წიგნი
ეგზემპლარები
Withdrawn status Lost status Damaged status Not for loan Date acquired Barcode Date last seen Price effective from Koha item type
        2018-12-17 2849 2018-12-17 2018-12-17 წიგნი